LEADER 03589nam 22006735 450 001 9910983383103321 005 20250806174957.0 010 $a9789819717576 010 $a9819717574 024 7 $a10.1007/978-981-97-1757-6 035 $a(MiAaPQ)EBC31808151 035 $a(Au-PeEL)EBL31808151 035 $a(CKB)36725638700041 035 $a(DE-He213)978-981-97-1757-6 035 $a(OCoLC)1477224102 035 $a(EXLCZ)9936725638700041 100 $a20241201d2025 u| 0 101 0 $aeng 135 $aurcnu|||||||| 181 $ctxt$2rdacontent 182 $cc$2rdamedia 183 $acr$2rdacarrier 200 10$aProceedings of the 2nd International Conference on Geotechnical Issues in Energy, Infrastructure and Disaster Management $eICGEID 2024, January 18?20, IIT, Patna, India /$fedited by Amit Kumar Verma, T. N. Singh, Edy Tonnizam Mohamad, A. K. Mishra, Ranjith Pathegama Gamage, Ramesh Bhatawdekar, Stephen Wilkinson 205 $a1st ed. 2025. 210 1$aSingapore :$cSpringer Nature Singapore :$cImprint: Springer,$d2025. 215 $a1 online resource (968 pages) 225 1 $aLecture Notes in Civil Engineering,$x2366-2565 ;$v475 311 08$a9789819717569 311 08$a9819717566 327 $aUnderground Mining and Ground Control -- Mining Geotechnics -- Tunneling and Case Studies -- Geotechnics -- Underground Structures and Case Studies -- Slope stability and Landslide. 330 $aThis book consists of selected papers presented at the 2nd International Conference on Geotechnical Issues in Energy, Infrastructure and Disaster Management (ICGEID 2024), held on January 19-20, 2024 at IIT, Patna, India. The papers represent the research work in the related fields of underground mining, ground control, mining geotechnics, geo-instrumentation, mine tunneling, and underground structures. It focuses on the latest technology being implemented including artificial intelligence and machine learning applications to solve challenges in mining tunneling and geotechnical structure engineering. It also highlights the state-of-the-art technologies adopted by the civil and mining industry for their commercial as well as environmental benefits. The papers are presented by an international pool of academics, research scientists, and industrial experts and therefore cater to the global audience from the field of underground engineering. 410 0$aLecture Notes in Civil Engineering,$x2366-2565 ;$v475 606 $aEngineering geology 606 $aGeotechnical engineering 606 $aMining engineering 606 $aGeoengineering 606 $aGeotechnical Engineering and Applied Earth Sciences 606 $aMining and Exploration 615 0$aEngineering geology. 615 0$aGeotechnical engineering. 615 0$aMining engineering. 615 14$aGeoengineering. 615 24$aGeotechnical Engineering and Applied Earth Sciences. 615 24$aMining and Exploration. 676 $a624.151 700 $aVerma$b Amit Kumar$01784374 701 $aSingh$b T. N$01784375 701 $aMohamad$b Edy Tonnizam$01784376 701 $aMishra$b A. K$01365682 701 $aGamage$b Ranjith Pathegama$01784377 701 $aBhatawdekar$b Ramesh$01784378 701 $aWilkinson$b Stephen$01784379 801 0$bMiAaPQ 801 1$bMiAaPQ 801 2$bMiAaPQ 906 $aBOOK 912 $a9910983383103321 996 $aProceedings of the 2nd International Conference on Geotechnical Issues in Energy, Infrastructure and Disaster Management$94316014 997 $aUNINA